|
|
|
|
| LEADER |
01284nam a2200313 a 4500 |
| 001 |
3765 |
| 003 |
BD-DhAAL |
| 005 |
20150310112907.0 |
| 008 |
150310s1992 nyua b 001 0 eng |
| 010 |
|
|
|a 91046007
|
| 020 |
|
|
|a 0442008430
|
| 040 |
|
|
|a DLC
|c DLC
|d DLC
|d BD-DhAAL
|
| 050 |
0 |
0 |
|a TD889
|b .A39 1992
|
| 082 |
0 |
0 |
|a 628.5/3
|2 20
|
| 245 |
0 |
0 |
|a Air pollution engineering manual /
|c Air & Waste Management Association ; edited by Anthony J. Buonicore, Wayne T. Davis.
|
| 260 |
|
|
|a New York :
|b Van Nostrand Reinhold,
|c c1992.
|
| 300 |
|
|
|a xxvi, 918 p.
|b ill. ;
|c 29 cm.
|
| 504 |
|
|
|a Includes bibliographical references and index.
|
| 541 |
|
|
|e 3765
|
| 650 |
|
0 |
|a Air
|x Purification
|x Equipment and supplies.
|9 9316
|
| 650 |
|
0 |
|a Gases, Asphyxiating and poisonous
|x Environmental aspects.
|9 9317
|
| 650 |
|
0 |
|a Particles
|x Environmental aspects.
|9 9318
|
| 650 |
|
0 |
|a Factory and trade waste
|x Purification
|x Equipment and supplies.
|9 9319
|
| 700 |
1 |
|
|a Buonicore, Anthony J.
|9 9320
|
| 700 |
1 |
|
|a Davis, Wayne T.
|9 9321
|
| 710 |
2 |
|
|a Air & Waste Management Association.
|9 9322
|
| 942 |
|
|
|2 ddc
|c BK
|
| 999 |
|
|
|c 33955
|d 33955
|
| 952 |
|
|
|0 0
|1 0
|2 ddc
|4 0
|6 628_530000000000000_AIR
|7 0
|9 52995
|a SCL
|b SCL
|c GEN
|d 2015-03-10
|e Gift: The Asia Foundation
|l 0
|o 628.53 AIR
|p 3020003765
|r 2015-03-10
|t 1
|w 2015-03-10
|y BK
|